| 000 | 00552nam a2200193Ia 4500 | ||
|---|---|---|---|
| 008 | 240729s9999 xx 000 0 und d | ||
| 022 | _a1094-4087 | ||
| 245 | 0 | _aOptics Express | |
| 260 | _aUnited States | ||
| 260 | _bOptica Publishing Group | ||
| 650 | _a Applied optics. Photonics | Science | ||
| 650 | _a Engineering (General). Civil engineering (General) | ||
| 650 | _a Optics. Light | ||
| 650 | _a Physics | ||
| 650 | _aTechnology | ||
| 856 | _uhttps://doaj.org/toc/52cbdb75606c4d5e8e261136300a0bf6 | ||
| 942 | _2ddc | ||
| 942 | _cDOAJEJ | ||
| 999 |
_c74915 _d74915 |
||
| 945 |
_a1 _bMadushi Gamage _c1 _dMadushi Gamage |
||